Přeprava na pár kliknutí

Možnosť on-line objednávania prepravy kusových zásielok je v leteckej a námornej doprave stále novinka. Systém On-line booking sa používa vo viac než 40 krajinách sveta pre objednanie prepravy obyčajného carga do dvoch ton. Prináša nielen úsporu času, ale aj nákladov.

Salvato in:
Dettagli Bibliografici
Autore principale: Kolář, Vojtěch
Natura: Capitolo di libro
Lingua:ceco
Soggetti:
Tags: Aggiungi Tag
Nessun Tag, puoi essere il primo ad aggiungerne!!

MARC

LEADER 00000naa a2200000 4500
001 0239986
005 20180206143937.6
041 0 |a cze 
044 |a CZ 
245 1 0 |a Přeprava na pár kliknutí  |c Vojtěch Kolář 
520 |a Možnosť on-line objednávania prepravy kusových zásielok je v leteckej a námornej doprave stále novinka. Systém On-line booking sa používa vo viac než 40 krajinách sveta pre objednanie prepravy obyčajného carga do dvoch ton. Prináša nielen úsporu času, ale aj nákladov. 
610 2 0 |a preprava 
610 2 0 |a služby elektronické 
610 2 0 |a doprava letecká 
610 2 0 |a doprava námorná 
610 2 0 |a logistika 
100 1 |a Kolář, Vojtěch